| 000 | 00602nam a22001695i 4500 | ||
|---|---|---|---|
| 001 | 161419 | ||
| 003 | ES-MaACL | ||
| 005 | 20240510063133.0 | ||
| 008 | 990914s1822 sp |||| | spa d | ||
| 040 |
_aCCPB | B _bspa _cCCPB | B |
||
| 100 | 1 |
_aParedes, Juan de, _cfiscal _9130848 |
|
| 245 | 1 | 0 | _aManifiesto que hace a la España el fiscal de la causa de conspiración del 7 de julio de último don Juan de Paredes. |
| 260 |
_aMadrid : _b[s.n.], _c1822 ( _fImprenta de Leon Amarita) |
||
| 300 |
_a106, LII p. ; _c22 cm. |
||
| 852 |
_aES-MaACL _jR-3306 _z-- Rúst. |
||
| 999 |
_c161419 _d161419 |
||